| 000 | 01234nam a2200289 i 4500 | ||
|---|---|---|---|
| 003 | EG-GICUC | ||
| 005 | 20260421081640.0 | ||
| 008 | 260421s2000 ua |||fr|||| 00| 0 ara d | ||
| 040 |
_a EG-GICUC _bara _c EG-GICUC _d EG-GICUC _erda |
||
| 082 | 0 | 4 |
_221 _a343.3 _bم ص . ت |
| 092 | 0 | 4 | _221 |
| 099 | _aLaw1 10 343.3 م ص . ت 2000 | ||
| 100 | 1 |
_aمصطفي مجدي هرجه _eمؤلف. |
|
| 245 | 1 | 2 |
_aالتعليق علي قانون الإجراءات الجنائية : _bالمعدل بالقانون 174 لسنة 1998 في ضوء الفقه والقضاء، _nالمجلد الثاني / _cالمستشار مصطفي مجدي هرجه _pمن المادة 144 : 312. |
| 264 | 1 |
_aالقاهرة : _bدار محمود للنشر والتوزيع، _c2000. |
|
| 300 |
_a819 ؛ صفحة _c24 سم |
||
| 336 |
_2rda content _atext |
||
| 337 |
_2rda media _aComputer |
||
| 338 |
_2rda carrier _aOnline Resource |
||
| 500 | _aالموسوعة القضائية الحديثة | ||
| 546 | _aالنص باللغة العربية | ||
| 650 | 1 | 4 |
_aقانون الإجراءات الجنائية _2qrmak |
| 651 | 1 | _2qrmak | |
| 856 | 4 | 0 | _uhttps://fll.law.cu.edu.eg/fulltext/bks/B10-10730.pdf |
| 905 | _a161 | ||
| 942 |
_2ddc _cBK _e21 _n0 |
||
| 999 |
_c72515 _d72515 |
||